000 00482nab a2200145Ia 4500
003 ES-SlBCS
005 20210601133734.0
008 140529s1999 xxu||||| |||| 00| 0 por d
041 _apor
100 1 _aBraz Mendonza Negrao, Oscar
_9209002
245 0 0 _aEspecializaçao em ensino de geociências: análise de uma prática
_c Oscar Braz Mendonza Negrao
650 0 4 _aGeociencia
_9162971
773 0 _tEducaçao e Filosofia
_gvol. 13, nº. 26, 1999, págs. 103
_wRev1534
942 _cAR
999 _c601351
_d601351